| 000 | 00520nam a2200181 i 4500 | ||
|---|---|---|---|
| 001 | bg | ||
| 100 | 1 | _aFULIŃSKI, Jacek | |
| 245 | 0 |
_aGeometria kratownic powierzchniowych / _cJacek Fuliński. |
|
| 260 |
_aWrocław : _b[Państw. Wydawn. Nauk.], _c1973. |
||
| 300 |
_as. 84 : _brys., tab. |
||
| 490 | 1 |
_aPrace Wrocł. Tow. Nauk. Seria B. ; _vNr 178 |
|
| 830 | _aPrace Wrocł. Tow. Nauk. Seria B. ; | ||
| 040 | _cBPK | ||
| 041 | _apol | ||
| 080 | _a624.07 | ||
| 942 | _cKS | ||
| 008 | s pl f |000 0 pol | ||
| 999 |
_c20651 _d20651 |
||
| 856 |
_uhttp://koha.tu.koszalin.pl/cgi-bin/koha/opac-detail.pl?biblionumber=20651 _yKatalog online BPK |
||